Principles of Electronics: (Record no. 96559)
[ view plain ]
| 000 -LEADER | |
|---|---|
| fixed length control field | 00509nam a22001697a 4500 |
| 005 - DATE AND TIME OF LATEST TRANSACTION | |
| control field | 20160523143856.0 |
| 010 ## - LCCN (DPL NO) | |
| LC control number | 1516EN07 |
| 020 ## - INTERNATIONAL STANDARD BOOK NUMBER | |
| Terms of availability | 595.00 |
| International Standard Book Number | 9788121924504 |
| 037 ## - SOURCE OF ACQUISITION | |
| Stock number | dpl |
| Source of stock number/acquisition | Pency/Ven |
| 100 ## - MAIN ENTRY--PERSONAL NAME | |
| Personal name | Mehta, P.K. |
| 245 ## - TITLE STATEMENT | |
| Title | Principles of Electronics: |
| Remainder of title | for B.E,/B.Tec & other Engineering exam/ |
| Statement of responsibility, etc | by V.K.Mehta and Rohit Mehta |
| 260 ## - PUBLICATION, DISTRIBUTION, ETC. (IMPRINT) | |
| Place of publication, distribution, etc | New Delhi |
| Name of publisher, distributor, etc | S.Chand |
| Date of publication, distribution, etc | 2015 |
| 270 ## - ADDRESS | |
| Address | 7361.Ram Nagar |
| City | Delhi |
| Postal code | 110002 |
| 300 ## - PHYSICAL DESCRIPTION | |
| Extent | 778 p |
| Dimensions | 27cm(pbk) |
| 942 ## - ADDED ENTRY ELEMENTS (KOHA) | |
| Source of classification or shelving scheme | Dewey Decimal Classification |
| Item type | English Books |
No items available.
